Statistics for Countries 2 Borders Away: Bangladesh

Click here to take the quiz!

General Stats

  • This quiz has been taken 22 times
  • The average score is 6 of 6

Answer Stats

Country% Correct
Bhutan
100%
China
100%
Nepal
100%
Pakistan
100%
Thailand
90%
Laos
71%

Score Distribution

Percentile by Number Answered

Percent of People with Each Score

Your Score History

You have not taken this quiz